唐.吉訶德傳
| 資料類型: | 圖書 | 書目號: | 32873 |
Leader xxxxxxxxxx 001 __ 86022805 005 __ 19941110162700.0 008 __ chi 010 0_ |a957-558-379-5|b平裝|d新臺幣120元 100 __ |a19940516d1992 cd y0chiy0109 e. 101 1_ |achi |ceng. 102 __ |acw. 105 __ |aa z 000ay. 200 1_ |a唐.吉訶德傳|e|f塞萬提斯原著|g秋月改寫|g劉麗月圖. 205 __ |a 210 __ |a臺南市|c大千文化|d民81. 215 0_ |a285面|c圖|d22公分. 225 2_ |a世界文學注音版全集|v28. 260 1_ |a1992. 300 __ |a 302 __ |a國語注音. 606 __ |2csh|a西洋小說. 681 __ |a859.6|b4607|y81 v.28|v增訂七版. 700 _1 |a塞萬提斯|b|4原著. 702 _0 |a秋月|b|4改寫. 702 _1 |a劉|b麗月|4圖. |